| Tag |
First Indicator |
Second Indicator |
Subfields |
| LEADER |
00000cam a2200000 a 4500 |
| 001 |
in00000069257 |
| 005 |
20151008053321.0 |
| 008 |
720623s1972 ilu 00010 engm |
| 010 |
|
|
|a 74188694
|
| 035 |
|
|
|a (OCoLC)00363949
|
| 035 |
|
|
|9 AAH7025AM
|
| 040 |
|
|
|a DLC
|c DLC
|d m.c.
|d TXA
|d UtOrBLW
|
| 049 |
|
|
|a TXAM
|c [1196948]
|
| 050 |
0 |
0 |
|a PE1122
|b H64 1972
|
| 082 |
0 |
|
|a 808/.04275
|
| 100 |
1 |
|
|a Hogins, James Burl.
|
| 245 |
1 |
0 |
|a Reading, writing, and rhetoric /
|c James Burl Hogins, Robert E. Yarber.
|
| 250 |
|
|
|a Rev. ed.
|
| 264 |
|
1 |
|a Chicago :
|b Science Research Associates,
|c [1972]
|
| 264 |
|
4 |
|c ©1972
|
| 300 |
|
|
|a xii, 594 pages ;
|c 25 cm.
|
| 336 |
|
|
|a text
|b txt
|2 rdacontent
|
| 337 |
|
|
|a unmediated
|b n
|2 rdamedia
|
| 338 |
|
|
|a volume
|b nc
|2 rdacarrier
|
| 650 |
|
0 |
|a College readers.
|
| 700 |
1 |
|
|a Yarber, Robert E.
|
| 999 |
|
|
|a MARS
|
| 999 |
f |
f |
|s 3cf999aa-1131-3436-8cdf-2fce1f119612
|i 2f0e212c-0d1c-39b2-add8-31ef760a55a0
|t 0
|
| 952 |
f |
f |
|p ric
|a Texas A&M University
|b Rellis Campus
|c Joint Library Facility
|s JLF
|d Remote Storage
|t 0
|e PE1122 H64 1972
|h Library of Congress classification
|i unmediated -- volume
|m A14805948129
|
| 998 |
f |
f |
|a PE1122 H64 1972
|t 0
|l Remote Storage
|